00229nam a2200097Ia 4500008004100000100001400041245003900055260001600094260000900110546001200119170619s9999 xx 000 0 und d aGold- Ben 0aSpeech and Audio Signal Processing bWiley-India c2007 aENGLISH